000 00303nam a22001217a 4500
008 171014b xxu||||| |||| 00| 0 eng d
041 _aeng
080 _a331
100 _a52
101 _aPUN
245 _aTHE NEW WORKING CLASS: WHITE-COLLAR WOEKERS & THEIR ORGANIZATIONS
_cHYMAN, R
942 _2udc
_cBK
999 _c33951
_d33951